LEADER 02237oam 2200553 450 001 9910707297403321 005 20160520125728.0 035 $a(CKB)5470000002462529 035 $a(OCoLC)891382463 035 $a(EXLCZ)995470000002462529 100 $a20140926d1968 ua 0 101 0 $aeng 135 $aurmn||||||||| 181 $ctxt$2rdacontent 182 $cc$2rdamedia 183 $acr$2rdacarrier 200 10$aTertiary volcanic stratigraphy in the Powderhorn-Black Canyon region, Gunnison and Montrose Counties, Colorado $enomenclature, lithology, and stratigraphic relations of a sequence of ash-flow tuffs, flows, and breccia /$fby J.C. Olson, D.C. Hedlund, and W.R. Hansen 210 1$a[Washington, D.C.] :$cUnited States Department of the Interior, Geological Survey,$d1968. 210 2$aWashington :$cUnited States Government Printing Office. 215 $a1 online resource (iv, 29 pages, 1 page of plates) $cillustrations, maps (some color) 225 1 $aGeological Survey bulletin ;$v1251-C 225 1 $aContributions to general geology 300 $aTitle from title screen (viewed September 15, 2014). 320 $aIncludes bibliographical references (pages 28-29). 517 $aTertiary volcanic stratigraphy in the Powderhorn-Black Canyon region, Gunnison and Montrose Counties, Colorado 606 $aGeology$zColorado 606 $aGeology, Stratigraphic$yTertiary 606 $aGeology$2fast 606 $aGeology, Stratigraphic$2fast 606 $aTertiary Geologic Period$2fast 607 $aColorado$2fast 615 0$aGeology 615 0$aGeology, Stratigraphic 615 7$aGeology. 615 7$aGeology, Stratigraphic. 615 7$aTertiary Geologic Period. 700 $aOlson$b J. C$g(Jerry Chipman),$f1917-2013,$01392464 702 $aHansen$b Wallace R.$f1920- 702 $aHedlund$b David Carl$f1924- 712 02$aGeological Survey (U.S.), 801 0$bCOP 801 1$bCOP 801 2$bOCLCO 801 2$bOCLCF 801 2$bGPO 906 $aBOOK 912 $a9910707297403321 996 $aTertiary volcanic stratigraphy in the Powderhorn-Black Canyon region, Gunnison and Montrose Counties, Colorado$93538592 997 $aUNINA LEADER 01126nam 2200301z- 450 001 9910689334403321 005 20161210101759.0 035 $a(CKB)5860000000035063 035 $a(BIP)048625088 035 $a(EXLCZ)995860000000035063 100 $a20220406c1998uuuu -u- - 101 0 $aeng 200 10$a"Ticket to Work and Self-Sufficiency Act of 1998" $ehearing before the Subcommittee on Social Security of the Committee on Ways and Means, House of Representatives, One Hundred Fifth Congress, second session, March 17, 1998 215 $a1 online resource (iii, 77 p.) 311 $a0-16-057600-8 517 $aTicket to Work and Self-Sufficiency Act of 1998 606 $aPeople with disabilities$xEmployment$zUnited States 606 $aMedicare 606 $aDisability insurance$zUnited States 610 $aSocial security 610 $aPolitical science 615 0$aPeople with disabilities$xEmployment 615 0$aMedicare. 615 0$aDisability insurance 906 $aBOOK 912 $a9910689334403321 996 $a"Ticket to Work and Self-Sufficiency Act of 1998"$93125765 997 $aUNINA LEADER 01279nam0 22003011i 450 001 UON00289282 005 20240509092610.720 100 $a20070306d1969 |0itac50 ba 101 $ager 102 $aDE 105 $a|||| 1|||| 200 1 $aHerbst des Mittelalters$eStudien über Lebens- und Geistesformen des 14. und 15. Jahrhunderts in Frankreich und in den Niederlanden$fJohan Huizinga; hrsg. von Kurt Köster 205 $a10. Aufl 210 $aStuttgart$cAlfred Kröner Verlag$d1969 215 $a543 p., [16] c. di tav.$d18 cm. 316 $aDono famiglia Dohrn$5IT-UONSI TED25 IHUI 410 1$1001UON00041835$12001 $aKröners Taschenausgabe$v204 620 $aDE$dWiesbaden$3UONL003153 676 $a838$cLetteratura tedesca. Scritti miscellanei$v21 700 1$aHuizinga$bJohan$3UONV124122$0292479 702 1$aKÖSTER$bKurt$3UONV166893 712 $aKröner$3UONV252582$4650 801 $aIT$bSOL$c20250613$gRICA 899 $aSIBA - SISTEMA BIBLIOTECARIO DI ATENEO$2UONSI 912 $aUON00289282 950 $aSIBA - SISTEMA BIBLIOTECARIO DI ATENEO$dSI TED 25 I HUI $eSI LO 70109 5 Dono famiglia Dohrn 996 $aHerbst des Mittelalters$91247862 997 $aUNIOR